00368nam a2200133Ia 4500003000900000008004100009040003300050041000800083080001100091100002000102245005600122260004000178300001600218LK-CoDNM010623t1917 xxu||||| |||| 00| 1 eng d aLK-CoDNMdLK-CoDNMeLK-CoDNM aeng a6 O.10 aMahendran, M.S. aA Brief Sketch of the Life of Charles Ambase Lorenz bAmerican Ceylon Mission Pressc1917 b39p., 18 cm